000 00357nam a22001577a 4500
003 SGT
020 _a8170408555
082 _a658.049,SRI
100 _aSRIVASTAVA,R.M
245 _aINTERNATIONAL STRATEGIC MANAGEMENT
250 _a1ST
260 _aNEW DELHI
_bHIMALAYA PUBLISHING HOUSE
_c1994
300 _a402
650 _aMANAGEMENT
942 _2ddc
_cFCM
999 _c8976
_d8976